000 00376nam a2200157Ia 4500
008 230711s9999||||xx |||||||||||||| ||und||
020 _a81-223-0896-1
041 _aENG
082 _a800
_bLO-H
100 _aLorayne,Harry
245 0 _aHow to develop a super power memory
260 _c2000
_aNew Delhi
_bPustak Mahal
300 _a167
650 _aLiterature
942 _cBK
999 _c5344
_d5344